| 000 | 00413pab a2200145 454500 | ||
|---|---|---|---|
| 008 | 180718b2002 xxu||||| |||| 00| 0 eng d | ||
| 100 | _aSaeed, Khawaja Amjad | ||
| 245 | _aSouth Asian economic union by 2010 | ||
| 260 | _c2002 | ||
| 300 | _ap.104-12. | ||
| 362 | _aApr-Oct | ||
| 650 | _aSouth Asian Association for Regional Cooperation | ||
| 773 | _aPrestige Journal of Management and Research | ||
| 909 | _a54573 | ||
| 999 |
_c54573 _d54573 |
||